| 000 | 00665 a2200193 4500 | ||
|---|---|---|---|
| 003 | Nust | ||
| 005 | 20221219133053.0 | ||
| 010 | _a 76380387 | ||
| 020 | _a0852743084 | ||
| 040 | _cNust | ||
| 082 | 0 | 0 | _a621.384,DAL |
| 100 | 1 |
_aDalton, Walter Malcolm. _9105215 |
|
| 245 | 1 | 4 |
_aThe story of radio Part.3 : _bthe world starts to listen / _cW. M. Dalton. |
| 260 |
_aLondon : _bHilger, _c1975- |
||
| 300 |
_a154p _bill. ; _c22 cm. |
||
| 505 | 1 | _aReceiver Measurements (Page-1), The British Broadcasting Corporation (Page-39), Compromise in Design (Page-77), Telephone Talkies and Television (Page-111). | |
| 650 | 0 | _aTelecommunication Engineering | |
| 942 |
_2ddc _cBK |
||
| 999 |
_c182980 _d182980 |
||